Revista Nacional de Administración (Registro nro. 11182)

Detalles MARC
000 -Líder
fixed length control field 00545nas a2200193 4500
005 - Fecha y hora de la última transacción
Campo de control 20180927112228.0
008 - Elementos de longitud fija--Información general
Campo de control de longitud fija 180927b xxu||||| |||| 00| 0 spa d
022 ## - Número Internacional de Publicaciones Seriadas
Número Internacional de Publicaciones Seriadas (ISSN) 16594908
245 ## - Título propiamente dicho
Título Revista Nacional de Administración
260 ## - PUBLICACIÓN, DISTRIBUCIÓN, ETC.
Lugar de publicación Costa Rica
260 ## - PUBLICACIÓN, DISTRIBUCIÓN, ETC.
Editorial EUNED
440 ## - Declaración de serie/asiento adicional--título
Título de la serie Revista Nacional de Administración
650 ## - Materia general
Temática (materia general) ADMINISTRACIÓN DE EMPRESAS
650 ## - Materia general
Temática (materia general) ORGANIZACIONES
650 ## - Materia general
Temática (materia general) MERCADOTECNIA
650 ## - Materia general
Temática (materia general) ESTRATEGIAS
650 ## - Materia general
Temática (materia general) INNOVACIÓN EMPRESARIAL
942 ## - Punto de acceso adicional KOHA
Punto de acceso adicional KOHA Revista
Existencias
Signatura completa Código de barras Tipo de ítem
Revista Nacional de Administración Vol. 1, Número 1, 2010 RNA1011 Revista
Revista Nacional de Administración Vol. 1, Número 2, 2010 RNA1021 Revista
Revista Nacional de Administración Vol. 2, Número 1, 2011 RNA1112 Revista
Revista Nacional de Administración Vol. 2, Número 2, 2011 RNA1122 Revista
Revista Nacional de Administración Vol. 4, Número 2, 2013 RNA1324 Revista
Revista Nacional de Administración Vol. 5, Número 1, 2014 RNA1415 Revista
Revista Nacional de Administración Vol. 10, Número 1 enero-junio, 2019 RNA19110 Revista